Normal view
MARC view
Entry Corporate Name
001 - CONTROL NUMBER
- control field: 965994
003 - CONTROL NUMBER IDENTIFIER
- control field:
005 - DATE AND TIME OF LATEST TRANSACTION
- control field: 20210627111545.0
008 - FIXED-LENGTH DATA ELEMENTS
- fixed length control field: 210627|| aca||aabn | a|a d
040 ## - CATALOGING SOURCE
- Original cataloging agency:
- Transcribing agency:
110 ## - HEADING--CORPORATE NAME
- Corporate name or jurisdiction name as entry element: N C E R T(New Delhi)
670 ## - SOURCE DATA FOUND
- Source citation: Work cat.: ()847962: Sharma, B. K 902853, Improvising science teaching kits for school :, 1972
